000 00492nam a2200169Ia 4500
003 IN-BaIIA
008 211028s9999 xx 000 0 eng d
040 _cIIA Library
080 _a770
_bNEB
100 _aNeblette, C. B.
_92070
245 0 _aPhotography its principles and practice
_cC. B. Neblette
260 _aLondon
_bChapman and Hall
_c1928
300 _axviii, 644p.
650 _aNASA thesaurus
650 _aPhotography
_92071
942 _cBK
999 _c963
_d963